| 000 | 03238nam a22003017a 4500 | ||
|---|---|---|---|
| 001 | 8520 | ||
| 003 | FISKH | ||
| 005 | 20250917121002.0 | ||
| 008 | 250917b cb ||||| |||| 00| 0 eng d | ||
| 020 | _a9789996301261 | ||
| 040 |
_aFISKH _bkhr _cFISKH _dFISKH |
||
| 050 | _aPZ7 | ||
| 100 | _aSotheary, Kimsun | ||
| 245 |
_aចោរចិត្តជា : _bChor Chitchea ( Generous thief ) / _cរៀបរៀងដោយ អ្នកស្រី គឹមស៊ុន សុធារី |
||
| 260 |
_aPhnom Penh : _bReading Books , _c2011. |
||
| 300 |
_a24 pages : _bcolor illustrations ; _c25 cm . |
||
| 490 | _aពិភពរឿងនិទាន | ||
| 505 | _aP | ||
| 520 | _aចោរចិត្តជាគឺជាងាររបស់ក្មេងប្រុសម្នាក់ដែលចូលចិត្តដើរលួចទ្រព្យសម្បត្តិគេ ទោះជាម្តាយខំទូន្មានយ៉ាងណាក៏មិនស្តាប់ ។ ចោរចិត្តជាបានលីប្តីប្រពន្ធ២នាក់និយាយគ្នាថាត្រូវការប្រាក់៤០ហាបណះដើម្បីបានក្លាយជាចៅហ្វាយស្រុក។ ចោរនោះក៏ដើរលួចគេរហូតបានប្រាក់អោយប្តីប្រពន្ធនោះ ។អកុសលចោរនោះក៏ត្រូវបានគេចាប់ខ្លួនយកទៅឃុំនៅក្រោមផ្ទះលោកចៅហ្វាយស្រុកនោះ ។ក្រោយដឺងការពិតចោរនោះត្រូវបានគេដោះលែង។ ក្រោយមកចោរនោះក៏បានជួយចៅហ្វាយស្រុករហូតបានក្លាយជាយមរាជ ។ ហើយលោកយមរាជក៏សន្យាចិញ្ចឺមចោរចិត្តជានិងម្តាយអស់មួយជីវិត ។ | ||
| 520 | _a“Chor Chet Chea” is a story about a young boy who becomes a thief, constantly stealing other people's belongings despite his mother's persistent warnings, which he refuses to listen to. One day, he overhears a couple talking about needing 40 hap (a currency unit) in order for the husband to become the district chief. The thief then continues to steal until he gathers enough money to give to the couple. Unfortunately, he is caught and imprisoned under the house of that same district chief. Later, the truth is revealed, and he is released. Afterward, he helps the district chief so much that he is eventually appointed as a Yumreach (a high-ranking official or royal officer). In gratitude, the Yumreach promises to take care of Chor Chet Chea and his mother for the rest of their life. | ||
| 521 | 8 |
_a650
_bLexile estimate |
|
| 521 | 8 |
_aP
_bRaz-Plus |
|
| 650 |
_aចោរចិត្តជា _vរឿងនិទានកុមារ |
||
| 650 |
_aChor Chitchea ( generous thief ) _vChildren's stories |
||
| 700 |
_aSan, Thai _eIllustrator |
||
| 942 |
_2ddc _cBK _n0 |
||
| 999 |
_c8520 _d8520 |
||